Shrek (Record no. 118912)

MARC details
000 -LÍDER
campo de controle de tamanho fixo 00937 a2200205 4500
001 - NÚMERO DE CONTROLE
campo de controle 118912
020 ## - ISBN - INTERNATIONAL STANDARD BOOK NUMBER
ISBN - International Standard Book Number 9781906861759
041 ## - CÓDIGO DE IDIOMA
Código do idioma do texto/trilha sonora ou título diferente eng
082 ## - CDD - CLASSIFICAÇÃO DECIMAL DE DEWEY
Número de Classificação [E]
040 ## - FONTE DA CATALOGAÇÃO
Instituição da catalogação original BR-BrIDEA
Instituição que transcreveu o registro BR-BrIDEA
090 ## - NÚMERO DE CHAMADA LOCAL
Número de chamada (OCLC) (R); Número de chamada, CALL (RLIN) (NR) A Year 3 [E]
Número Cutter local (OCLC); Número de classificação do livro, CALL (RLIN) SHR
245 10 - TÍTULO
Título Shrek
Restante do título forever after
260 ## - PUBLICAÇÃO, DISTRIBUIÇÃO, ETC.
Local de publicação, distribuição, etc. London
Nome do editor, distribuidor, etc. Richmond
Data da publicação, distribuição, etc. 2011
300 ## - DESCRIÇÃO FÍSICA
Extensão 32 p.
Outros detalhes físicos il. color
Material de acompanhamento 22.2 x 14.8 x 0.8 cm
520 ## - NOTA DE RESUMO, ETC
Resumo, etc. Frustrado com a rotina de sua vida, Shrek faz um acordo com o trapaceiro Rumpelstiltskin - que quer ser o rei de Far Far Away. Ele troca um dia de sua vida atual por um dia como um ogro livre e solteiro. Mas, após a troca, Shrek se vê diante de uma realidade diferente da que imaginava: Rumpelstiltskin é rei, a princesa Fiona é uma guerreira defensora da liberdade, e Shrek nunca existiu. Será que ele conseguirá desfazer o feitiço de Rumpelstiltskin?
521 ## - NOTA DO PÚBLICO ALVO
Nota de público alvo Year 3
697 ## - ENTRADA DE ASSUNTO LOCAL--ENTIDADE COLETIVA (RLIN)
Nome corporativo ou nome da jurisdição Children - Fiction
856 ## - LOCALIZAÇÃO ELETRÔNICA E ACESSO
Uniform Resource Identifier <a href="000032/000032eb.jpg">000032/000032eb.jpg</a>
942 ## - ELEMENTOS DE ENTRADA ADICIONADOS (KOHA)
Tipo de material Koha Livros
Holdings
Situação do descarte Situação das perdas Fonte da classificação ou esquema de arquivamento na estante Situação física Não pode ser emprestado Biblioteca de origem Biblioteca atual Data de aquisição Total de empréstimos Número de chamada completo Código de barras Data de último acesso Data do preço efetivo Tipo de material Koha
    Classificação Decimal de Dewey     ECB - ÁGUAS CLARAS ECB - ÁGUAS CLARAS 24/11/2022   A Year 3 [E] SHR 00059476AGC 23/01/2024 23/01/2024 Livros